01375nas a2200193 i 4500001001000000003001000010005001700020008004100037040003000078041000800108100005400116245010900170300006700279520060800346653001300954773018900967942000801156999001701164768714001CO-MdFUSB20221003151313.0221003s2014 ck ||||| |||| 00| 0 spa d bspacCO-MdFUSBdCO-MdFUSB aspa aGarcía González, Sabás Cristóbal, eautor13aLa perspectiva de género : breto para la pastoral eclesialc/ Sabás Cristóbal García González aNúmero 12, (Enero - Junio 2014), páginas 91 -110 c; 20 cm aLa equidad de género es una de las principales pretensiones de la cultura contemporánea al cobrar conciencia de la injusta condición subordinada a la que se hallan sometidas las mujeres en la mayor parte de las culturas. La nueva concepción de la equidad entre los sexos se fundamenta en que mujeres y hombres son iguales y diferentes. La perspectiva de género constituye un cambio de paradigma heurístico para las ciencias sociales, con desafiantes implicaciones para las estructuras eclesiales y la práctica pastoral. Clarificar dichas implicaciones es el objetivo del presente articulo. aGénero0 068226981333aPontificia Universidad JaverianaoR2119tReflexiones teológicas :w(CO-MdFUSB)768714001x2011-1991gNúmero 12, (Enero - Junio 2014), páginas 91 -110 q páginas 91 cANA c68238d68238